| 000 | 005090000a22001930004500 | ||
|---|---|---|---|
| 001 | 000395 | ||
| 003 | MACL | ||
| 005 | 20150730134946.0 | ||
| 008 | 150730b xxu||||| |||| 00| 0 eng d | ||
| 040 |
_aMACL _cMACL |
||
| 041 | _aEnglish | ||
| 082 | _a340/IFT | ||
| 100 |
_aIftekharuzzaman, _93450 |
||
| 245 |
_aEthnicity And Constitutional Reform In South Asia _cIftekharuzzaman |
||
| 260 |
_aDelhi _c1998 _bRegional Centre For strategic Studies, |
||
| 350 | _a350 | ||
| 650 |
_aLaw _93451 |
||
| 942 |
_k340 _cBK _2ddc |
||
| 999 |
_c397 _d397 |
||